• 首页
  • 本馆介绍
  • 公告通知
  • 最新文献
  • 馆藏检索
  • 电子资源
  • 读者导购
  • 参考咨询
  • 我的图书馆
  • 登录
  • 详细信息显示
  • 放入我的书架
  • 预约/预借图书
  • 作者相关作品
  • 分类相关作品
  • 丛书相关作品
  • 出版社相关作品

书目信息

  • 表格格式
  • 工作单格式
  • 卡片格式
题名:
数学生物经济学
    
 
作者: 克拉克 , Clark 著 ;周勤学 , 丘兆福 译
分册:  
出版信息: 北京   农业出版社  1984
页数: 74页
开本: 19cm
丛书名:
单 册:
中图分类: F30
科图分类:
主题词: 生物数学:农业经济学 , 农业经济学:生物数学 , 农业经济学
电子资源:
ISBN:
000 01057nam0 2200325 45
001 0184013562
005 20040429110527.2
010    @dCNY2.20
091    @a4144.505
100    @a19950705d1984 em y0chiy0121 ea
101 1  @achi@ceng
102    @aCN@b110000
105    @ay z 000yy
106    @ar
200 10 @a数学生物经济学@Ashu xue sheng wu jing ji xue@f(加)克拉克(C.W.Clark)著@F(Jia)Ke La Ke(C.W.Clark)Zhu@g周勤学,丘兆福译
210    @a北京@c农业出版社@d1984
215    @a74页@d19cm
300    @a书名原文:Mathematical bioeconomics: the optimal management of renewable resources
510 1  @aMathematical bioeconomics:the optimal management of renewable resources@zeng
606    @a生物数学:农业经济学
606    @a农业经济学:生物数学
606 0  @a农业经济学
690    @aF30@v3
701  1 @a克拉克@Ake la ke@bC.W.@4著
701 A1 @aClark@bC.W.@4 著
702  0 @a周勤学@Azhou qin xue@4译
702  0 @a丘兆福@Aqiu zhao fu@4译
801  0 @aCN@b上海图书馆@c20040429
801  2 @aCN@bNLC@c20040429
905    @f1@b110850@dF30@e4
    
    数学生物经济学/(加)克拉克(C.W.Clark)著/周勤学,丘兆福译.-北京:农业出版社,1984
    74页;19cm
    书名原文:Mathematical bioeconomics: the optimal management of renewable resources
    
    ISBN :CNY2.20
    
●
相关链接 在E读中查询图书 在五车中查询图书 在当当中查询图书 在豆瓣中查询图书


正题名:数学生物经济学     索取号:F30/4         预约/预借

序号 登录号 条形码 馆藏地/架位号 状态 备注
1 0110850   000212077   第一借阅区/ [索取号:F30/4] 在馆    
2 0110851   000212111   第一样本阅览室/ [索取号:F30/4] 在馆    
唐山师范学院图书馆 欢迎您!
大连网信软件有限公司© 版权所有